Deutsche Niederlassungen in den USA
保存先:
| 第一著者: | |
|---|---|
| フォーマット: | 図書 |
| 言語: | Undetermined |
| 出版事項: |
New York
Herder & Herder
1975
|
| 主題: | |
| タグ: |
タグ追加
タグなし, このレコードへの初めてのタグを付けませんか!
|
| Thư viện lưu trữ: | Trung tâm Học liệu Trường Đại học Cần Thơ |
|---|
| LEADER | 00522nam a2200181Ia 4500 | ||
|---|---|---|---|
| 001 | CTU_82383 | ||
| 008 | 210402s9999 xx 000 0 und d | ||
| 082 | |a 332.673 | ||
| 082 | |b S344 | ||
| 100 | |a Schlichting, H. Juergen | ||
| 245 | 0 | |a Deutsche Niederlassungen in den USA | |
| 245 | 0 | |c H. Juergen Schlichting, Hans-J. Krüger | |
| 260 | |a New York | ||
| 260 | |b Herder & Herder | ||
| 260 | |c 1975 | ||
| 650 | |a Investments, german | ||
| 904 | |i Trọng Hải | ||
| 980 | |a Trung tâm Học liệu Trường Đại học Cần Thơ | ||